01061 2200325 4500001002100000005001500021035002000036007000300056008004100059020002200100082001500122084001700137100002800154245014700182250002600329300003800355650003700393700003200430700002900462264003600491336002100527337003000548338002300578040002200601090002200623850001200645504003400657999002200691990002200713INLIS00000000089278520250124112534 a0010-0125000685ta250124s2024 yoia g ind d a978-623-5690-53-704223a005.13 a005.13 YAY d0 aYaya HeryadiePengarang10aDasar-dasar menginterpretasikan model machine learning dan implementasinya menggunakan python /cYaya Heryadi, Haryono Soeparno, Ilvico Sonata aCetakan pertama, 2024 ax, 248 halaman :bgambar ;c23 cm 4aProgram komputer--xPembelajaran0 aHaryono SoeparnoePengarang0 aIlvico SonataePengarang31aYogyakarta :bGava Media,c2024 2rdacontentateks 2rdamediaatanpa perantara 2rdacarrieravolume aYOPDYOGbinderda aCB-D.11 2024-4554 aYOPDYOG aBibliografi : halaman 237-245 aCB-D.11/2024-4554 aCB-D.11/2024-4554